| 000 | 00552nam a2200193Ia 4500 | ||
|---|---|---|---|
| 005 | 20250508165032.0 | ||
| 008 | 008 250505s9999 xx 000 0 eng d | ||
| 020 | _a1-85627-156-0 | ||
| 037 | _aReference | ||
| 040 |
_aFEDL _beng _cFEDL |
||
| 041 |
_aeng _2eng |
||
| 084 |
_a030, ENC/RR _qFEDL |
||
| 245 | 0 | _aWhen did it happen?: A question and answer book about world history | |
| 260 | _c1983 | ||
| 300 | _a93p. | ||
| 546 | _aEncyclopedia: When did it happen?; MACESE | ||
| 942 |
_cREF _h030, ENC/RR |
||
| 999 |
_c1392776 _d1392776 |
||